000 00667nam a22002297a 4500
003 UA-OsUOA
001 118655
007 ta
008 20160912b un ||||| |||| 00| 0 ukr d
100 _aШевчук О.О.
700 _aСух Я.І.
090 _a330(477)
_bШ37
942 _cSA
040 _aUA-OsUOA
_bukr
_cUA-OsUOA
_dUA-OsUOA
245 _aПідходи до оптимізації перестрахового захисту
300 _aС.141-149
955 _a0
041 _aukr
080 _a330(477)
773 0 _w118645
_tРегіональна економіка
_dЛьвів
_d2016
_g2
650 7 _a330 Економіка взагалі
_2UDC
999 _c404783
_d404783